000 00533nam a2200181Ia 4500
005 20250508163954.0
008 008 250505s9999 xx 000 0 hin d
037 _aTextual
040 _aFEDL
_beng
_cFEDL
041 _ahin
_2eng
084 _a371.76, AVI
_qFEDL
100 _aAvinashi Alok
_9776894
245 0 _aAadersh swasthya shiksha : Kadsha navi evam dasvi ke liye
260 _aNew Delhi, India
_bAsha Prakashan Grah
_c2001
300 _a200p
942 _cTEXL
_h371.76, AVI
999 _c1386360
_d1386360